Statistics for Ultra Fast Typing Quiz

Click here to take the quiz!

General Stats

  • This quiz has been taken 305 times
    (281 since last reset)
  • The average score is 28 of 248

Answer Stats

HintAnswer% Correct
FF
100%
oo
99%
uu
97%
cc
96%
oo
96%
rr
96%
ss
96%
aa
94%
ee
94%
nn
94%
rr
94%
dd
93%
ss
92%
ee
90%
vv
87%
ee
86%
nn
82%
yy
79%
aa
75%
ee
75%
rr
73%
ss
70%
aa
63%
gg
62%
oo
62%
oo
58%
uu
54%
rr
52%
ff
51%
aa
49%
hh
44%
tt
44%
ee
39%
rr
35%
ss
34%
yy
25%
aa
23%
dd
20%
aa
14%
yy
13%
aa
11%
aa
8%
dd
8%
aa
6%
aa
6%
dd
6%
dd
6%
nn
6%
yy
6%
aa
4%
aa
4%
aa
4%
dd
4%
yy
4%
aa
1%
aa
1%
aa
1%
cc
1%
'd.d
1%
ee
1%
ee
1%
ee
1%
ee
1%
ee
1%
ee
1%
gg
1%
ll
1%
nn
1%
nn
1%
nn
1%
NN
1%
oo
1%
oo
1%
rr
1%
rr
1%
rr
1%
ss
1%
ss
1%
ww
1%
ww
1%
ww
1%
aa
0%
aa
0%
aa
0%
aa
0%
aa
0%
aa
0%
aa
0%
aa
0%
a.a
0%
aa
0%
aa
0%
aa
0%
aa
0%
aa
0%
aa
0%
a,a
0%
aa
0%
aa
0%
aa
0%
aa
0%
aa
0%
aa
0%
aa
0%
aa
0%
aa
0%
aa
0%
aa
0%
aa
0%
aa
0%
aa
0%
a-a
0%
aa
0%
aa
0%
a.a
0%
aa
0%
aa
0%
aa
0%
aa
0%
bb
0%
BB
0%
bb
0%
CC
0%
cc
0%
dd
0%
dd
0%
dd
0%
dd
0%
'dd
0%
dd
0%
dd
0%
'd.d
0%
dd
0%
dd
0%
dd
0%
dd
0%
dd
0%
dd
0%
dd
0%
dd
0%
dd
0%
dd
0%
dd
0%
ee
0%
ee
0%
ee
0%
e.e
0%
ee
0%
ee
0%
ee
0%
ee
0%
e,e
0%
ee
0%
ee
0%
ee
0%
ee
0%
ee
0%
ee
0%
ee
0%
gg
0%
gg
0%
gg
0%
gg
0%
gg
0%
gg
0%
hh
0%
hh
0%
hh
0%
hh
0%
hh
0%
ii
0%
ii
0%
ii
0%
ii
0%
ii
0%
ii
0%
ii
0%
ii
0%
ii
0%
ll
0%
ll
0%
ll
0%
ll
0%
ll
0%
ll
0%
ll
0%
ll
0%
mm
0%
mm
0%
mm
0%
nn
0%
nn
0%
n,n
0%
nn
0%
nn
0%
nn
0%
nn
0%
nn
0%
nn
0%
nn
0%
nn
0%
oo
0%
oo
0%
oo
0%
oo
0%
oo
0%
rr
0%
rr
0%
rr
0%
rr
0%
r,r
0%
rr
0%
rr
0%
rr
0%
rr
0%
tt
0%
TT
0%
tt
0%
tt
0%
tt
0%
tt
0%
tt
0%
TT
0%
tt
0%
uu
0%
vv
0%
vv
0%
vv
0%
vv
0%
ww
0%
ww
0%
WW
0%
ww
0%
ww
0%
yy
0%
yy
0%
yy
0%
yy
0%
yy
0%
yy
0%
yy
0%
yy
0%
yy
0%
yy
0%
yy
0%
yy
0%
yy
0%
yy
0%

Score Distribution

Percentile by Number Answered

Percent of People with Each Score

Your Score History

You have not taken this quiz since the last reset